[Event "Czech GM Open A"]
[Site "Pardubice CZE"]
[Date "2011.07.26"]
[Round "5.66"]
[White "Pacher,M"]
[Black "Rjabzev,K"]
[Result "1-0"]
[WhiteElo "2408"]
[BlackElo "2271"]

1.e4 d6 2.d4 Nf6 3.Nc3 e5 4.Nf3 Nbd7 5.Bc4 Be7 6.O-O O-O 7.Re1 a6 8.a4 b6
9.b3 Bb7 10.Ba3 c6 11.d5 c5 12.Qd3 Ne8 13.Rad1 Nc7 14.Bc1 Bf6 15.g3 g6 16.h4 Bg7
17.h5 Nf6 18.hxg6 hxg6 19.Kg2 Bc8 20.Rh1 Bg4 21.Rh4 Qd7 22.Rdh1 Rfb8 23.Bh6 Bxh6
24.Rxh6 b5 25.axb5 axb5 26.Nxb5 Nxb5 27.Bxb5 Qxb5 28.Qxb5 Rxb5 29.Rh8+ Kg7
30.Rxa8 Nxe4 31.Nxe5 dxe5 32.f3 Bxf3+ 33.Kxf3 f5 34.Re8 Ng5+ 35.Ke3 Nf7 36.Rd1 Rb4
37.Rc8 f4+ 38.gxf4 exf4+ 39.Ke2 Re4+ 40.Kf1 Nd6 41.Rxc5 Nf5 42.Kf2 Ne3 43.Rd3  1-0

[Event "11th Condino Open"]
[Site "Condino ITA"]
[Date "2011.07.27"]
[Round "4"]
[White "De Vita,G"]
[Black "Simoncini,Francesco"]
[Result "1-0"]
[WhiteElo "2090"]
[BlackElo "1581"]

1.e4 d6 2.d4 Nf6 3.Nc3 e5 4.Nf3 Nbd7 5.Be2 Be7 6.O-O O-O 7.h3 exd4 8.Nxd4 Nc5
9.Bf3 Nfd7 10.Nd5 Ne5 11.Nxe7+ Qxe7 12.Re1 Nxf3+ 13.Nxf3 Nd7 14.Bg5 f6 15.Bf4 Ne5
16.Bg3 Nxf3+ 17.Qxf3 Be6 18.Qa3 Qf7 19.Rad1 a6 20.Re3 f5 21.exf5 Bxf5 22.Rde1 Rae8
23.Rxe8 Rxe8 24.Rxe8+ Qxe8 25.Qb3+ Qf7 26.Qxb7 Qc4 27.c3 Be4 28.Qc8+ Kf7
29.Bxd6 Bxg2 30.Qf5+ Ke8 31.Qf8+ Kd7 32.Qxg7+ Kxd6 33.Kxg2 Qe4+ 34.Kg3 Qe1
35.Qd4+ Kc6 36.b4 Qg1+ 37.Kh4 h6 38.f4 Qe1+ 39.Kh5 Qe6 40.h4 Kb7 41.Qe5 Qf7+
42.Kxh6 Qf8+ 43.Kg6 Qg8+ 44.Qg7 Qe8+ 45.Kg5 Qd8+ 46.Kh5 Qd5+ 47.Kh6 Qd6+
48.Kg5 Qd8+ 49.Qf6 Qd5+ 50.Kh6 Qd2 51.a4 Qe3 52.h5 Qd2 53.Kg7 Qd7+ 54.Kf8 Qc8+
55.Ke7 c5 56.h6 Qc7+ 57.Kf8 cxb4 58.cxb4 Qc8+ 59.Kf7 a5 60.b5  1-0

[Event "2nd ch-Vojvodina"]
[Site "Novi Sad SRB"]
[Date "2011.07.27"]
[Round "5.8"]
[White "Smith,Bry"]
[Black "Remecki,S"]
[Result "1-0"]
[WhiteElo "2503"]
[BlackElo "2250"]

1.e4 d6 2.d4 Nf6 3.Nc3 e5 4.Nge2 Nbd7 5.h3 Be7 6.Be3 c6 7.g4 O-O 8.Bg2 Nb6
9.O-O Re8 10.b3 Qc7 11.a4 a5 12.Ng3 Bf8 13.f4 exd4 14.Bxd4 Nfd7 15.g5 Nc5
16.Qf3 Ne6 17.Be3 d5 18.f5 dxe4 19.Ncxe4 Nd8 20.Bf4 Qe7 21.Nd6 Qd7 22.Nxe8 Qxe8
23.Rfe1 Bc5+ 24.Kh1 Qf8 25.Ne4  1-0

[Event "5th AD San Juan Open"]
[Site "Pamplona ESP"]
[Date "2011.07.27"]
[Round "4"]
[White "Khamrakulov,I"]
[Black "Damljanovic,B"]
[Result "1/2-1/2"]
[WhiteElo "2496"]
[BlackElo "2611"]

1.e4 d6 2.d4 Nf6 3.Nc3 e5 4.Nf3 Nbd7 5.Bc4 Be7 6.O-O O-O 7.Re1 c6 8.a4 exd4
9.Nxd4 Ne5 10.Bf1 Re8 11.h3 Bf8 12.Bg5 h6 13.Bh4 Ng6 14.Bg3 Qa5 15.Nb3 Qg5
16.Qd2 Nh5 17.Qxg5 hxg5 18.Bh2 Ne5 19.Rad1 g6 20.Na5 Nf6 21.f3 Nfd7 22.Bg3 a6
23.Nc4 Nxc4 24.Bxc4 Ne5 25.Bb3 b5 26.axb5 axb5 27.Ra1 Bd7 28.Red1 Rxa1 29.Rxa1 Rb8
30.Ra7 Be8 31.Kf1 Bg7 32.Nd1 Bf6 33.Nf2 Rd8 34.c3 Kf8 35.Ke2 Be7 36.Nd3 Nd7
37.e5 d5 38.Bf2 c5 39.Bxd5 Nxe5 40.Be4 Nxd3 41.Bxd3 c4 42.Be4 f5 43.Bc2 b4
44.Ba4 bxc3 45.bxc3 Bf6 46.Bc5+ Kg8 47.Bxe8 Rxe8+ 48.Kd2 Rd8+ 49.Kc2 Rd3
50.Bb4  1/2-1/2

[Event "5th AD San Juan Open"]
[Site "Pamplona ESP"]
[Date "2011.07.27"]
[Round "4"]
[White "Ortiz Suarez,I"]
[Black "Garza Marco,S"]
[Result "1-0"]
[WhiteElo "2556"]
[BlackElo "2403"]

1.d4 d6 2.e4 Nf6 3.Nc3 e5 4.Nf3 Nbd7 5.Bc4 Be7 6.O-O O-O 7.Re1 a6 8.a4 b6
9.b3 c6 10.d5 c5 11.Bd3 Ne8 12.Ne2 g6 13.Bh6 Ng7 14.Ng3 Nf6 15.h3 Kh8 16.Nh2 Ng8
17.Bd2 f5 18.b4 f4 19.Ngf1 h5 20.a5 cxb4 21.Bxb4 Nh6 22.Nd2 b5 23.c4 g5 24.Be2 Qe8
25.Rc1 Qg6 26.cxb5 g4 27.hxg4 hxg4 28.Rxc8 Raxc8 29.Nxg4 axb5 30.Nxe5 dxe5
31.Bxe7 Rg8 32.Bf1 Rc3 33.Nf3 Ng4 34.Nh4 Qh5 35.Be2 Ne8 36.d6 Rh3 37.d7 Rxh4
38.Bxh4 Qxh4 39.Bxg4 Nc7 40.Qd6  1-0

[Event "Czech GM Open A"]
[Site "Pardubice CZE"]
[Date "2011.07.27"]
[Round "6.43"]
[White "Oparin,G"]
[Black "Neuman,P"]
[Result "1/2-1/2"]
[WhiteElo "2356"]
[BlackElo "2454"]

1.e4 d6 2.d4 Nf6 3.Nc3 e5 4.Nf3 Nbd7 5.Bc4 Be7 6.O-O O-O 7.a4 c6 8.a5 Nxe4
9.Nxe4 d5 10.Ng3 e4 11.Bb3 exf3 12.Qxf3 Nf6 13.c3 Re8 14.Bc2 g6 15.h3 Be6
16.Re1 b6 17.axb6 axb6 18.Bg5 Rxa1 19.Rxa1 Nd7 20.Be3 Bg5  1/2-1/2

[Event "Czech GM Open A"]
[Site "Pardubice CZE"]
[Date "2011.07.27"]
[Round "6.38"]
[White "Totsky,L"]
[Black "Krapivin,Vl"]
[Result "0-1"]
[WhiteElo "2484"]
[BlackElo "2354"]

1.e4 d6 2.d4 Nf6 3.Nc3 e5 4.Nf3 Nbd7 5.Bc4 Be7 6.O-O O-O 7.a4 c6 8.Ba2 b6
9.Re1 a6 10.h3 Rb8 11.Be3 b5 12.axb5 axb5 13.b4 Qc7 14.Rb1 Nb6 15.Qd3 Bd7
16.Nd2 Rfd8 17.d5 Rdc8 18.Bxb6 Qxb6 19.dxc6 Qxc6 20.Re3 Be6 21.Bb3 Bd8 22.Rf3 Nh5
23.Nd5 Nf6 24.c3 Bxd5 25.Bxd5 Nxd5 26.exd5 Qd7 27.Ra1 Ra8 28.Rxa8 Rxa8 29.g4 g6
30.Ne4 h6 31.c4 bxc4 32.Qxc4 f5 33.gxf5 gxf5 34.Rg3+ Kh7 35.Nc5 dxc5 36.bxc5 Ra1+
37.Kh2 Qa4 38.Qe2 Qf4 39.Qh5 Qxf2+  0-1

[Event "Open Women ch-BUL"]
[Site "Vratsa BUL"]
[Date "2011.07.27"]
[Round "4"]
[White "Nikolova,A"]
[Black "Voiska,M"]
[Result "0-1"]
[WhiteElo "2305"]
[BlackElo "2312"]

1.e4 d6 2.d4 Nf6 3.Nc3 e5 4.Nf3 Nbd7 5.Bc4 Be7 6.O-O O-O 7.Re1 a6 8.a4 b6
9.Ne2 Bb7 10.Ng3 exd4 11.Nxd4 Ne5 12.Ba2 Re8 13.Ndf5 Bf8 14.h3 Ng6 15.Bg5 h6
16.Bxf6 Qxf6 17.Nh5 Qg5 18.Nfg3 Rad8 19.c4 Nf4 20.Nxf4 Qxf4 21.Bb1 Qe5 22.Re2 g6
23.Qd2 h5 24.Bd3 Bg7 25.Nf1 Qd4 26.Qc2 Re7 27.Rae1 Rde8 28.Kh1 Qf6 29.Ne3 Qf4
30.Nd5 Bxd5 31.exd5 Be5 32.g3 Qf3+ 33.Kg1 h4 34.Re3 Qf6 35.Kg2 hxg3 36.fxg3 Bd4
37.Rxe7 Rxe7 38.Rxe7 Qxe7 39.Qe2 Qxe2+ 40.Bxe2 Bxb2 41.Kf3 Kg7 42.g4 Kf6
43.Ke4 Kg5 44.Bf1 f5+ 45.gxf5 gxf5+ 46.Kf3 Bg7 47.h4+ Kf6 48.Ke3 Ke5 49.Bh3 Bh6+
50.Kf3 a5 51.h5 Bg5 52.Kf2 Kd4 53.Bxf5 Kxc4 54.Be6 b5 55.axb5 a4 56.Bf5 a3
57.Bb1 Kb3 58.Ke2 Kb2  0-1

[Event "11th Condino Open"]
[Site "Condino ITA"]
[Date "2011.07.28"]
[Round "5"]
[White "Carletti,A"]
[Black "Menon,Michele"]
[Result "1-0"]
[WhiteElo "1849"]
[BlackElo "1775"]

1.e4 d6 2.d4 Nf6 3.Nc3 c6 4.f4 Qa5 5.Bd3 e5 6.Nf3 Bg4 7.Be3 Nbd7 8.O-O Be7
9.h3 Bxf3 10.Qxf3 Qb4 11.a3 Qa5 12.Kh1 h5 13.b4 Qc7 14.b5 Ng4 15.Bg1 Qa5
16.bxc6 bxc6 17.Bc4 f6 18.fxe5 dxe5 19.d5 Rc8 20.Qd3 Nc5 21.Bxc5 Qxc5 22.dxc6 Rd8
23.Nd5 Bd6 24.Rab1 Rh6 25.Rb7 Nf2+ 26.Rxf2 Qxf2 27.c7 Bxc7 28.Nxc7+ Ke7 29.Nd5+  1-0

[Event "Czech GM Open A"]
[Site "Pardubice CZE"]
[Date "2011.07.28"]
[Round "7.59"]
[White "Hladik,J"]
[Black "Schmidt Schaeffer,S"]
[Result "0-1"]
[WhiteElo "2141"]
[BlackElo "2385"]

1.e4 d6 2.d4 Nf6 3.Nc3 Nbd7 4.Nf3 e5 5.Bc4 Be7 6.O-O O-O 7.Re1 c6 8.a4 b6
9.d5 cxd5 10.Nxd5 Bb7 11.b3 Rc8 12.Re2 Nc5 13.Nxf6+ Bxf6 14.Bd5 Qd7 15.Ba3 Rfd8
16.Bxc5 Rxc5 17.Bxb7 Qxb7 18.c4 a6 19.Rd2 Qxe4 20.Rxd6 Rcc8 21.h3 Qf4 22.Rxd8+ Rxd8
23.Qc1 Qf5 24.Ra2 e4 25.Nh2 Rd3 26.Rd2 Rxb3 27.Rd5 Qc8 28.Ng4 Be7 29.Qc2 Rd3
30.Rxd3 exd3 31.Qxd3 h5 32.Ne3 Bc5 33.Nd5 Qe8 34.Qd1 Qe4 35.Qc1 Qe2 36.Ne3 Kf8
37.Qd1 Qxd1+ 38.Nxd1 Bd4 39.Kf1 Ke7 40.Ke2 Kd6 41.Kd3 Kc5 42.g3 g5 43.g4 h4
44.Ne3 Bxe3 45.fxe3 Kb4 46.Kd4 Kxa4 47.c5 bxc5+ 48.Kc4 a5 49.e4 f6 50.Kxc5 Kb3
51.Kd5 a4  0-1

[Event "Biel ACCENTUS GM"]
[Site "Biel SUI"]
[Date "2011.07.29"]
[Round "10"]
[White "Caruana,F"]
[Black "Carlsen,M"]
[Result "1/2-1/2"]
[WhiteElo "2711"]
[BlackElo "2821"]

1.e4 d6 2.d4 Nf6 3.Nc3 e5 4.Nf3 Nbd7 5.Bc4 Be7 6.O-O O-O 7.a4 a6 8.a5 h6
9.Re1 exd4 10.Nxd4 Ne5 11.Bf1 c5 12.Nb3 Be6 13.Bf4 Rc8 14.h3 Re8 15.Bxe5 dxe5
16.Nd2 c4 17.Ra4 Bc5 18.Nxc4 Bd4 19.Qf3 Rc5 20.Nd1 Qc7 21.Nde3 Bxe3 22.Nxe3 Rxa5
23.Rb4 Rd8 24.Rd1 Rxd1 25.Qxd1 Rc5 26.Ra4 Rc6 27.Bd3 Rd6 28.Qe1 b5 29.Ra3 g6
30.b4 Rc6 31.Qa1 Qd6 32.Kh2 h5 33.Rc3 Rxc3 34.Qxc3 h4 35.Nf1 Nh5 36.Nd2 g5
37.Nf3 f6 38.g3 hxg3+ 39.fxg3 Ng7  1/2-1/2

[Event "5th AD San Juan Open"]
[Site "Pamplona ESP"]
[Date "2011.07.29"]
[Round "6"]
[White "Oleksienko,M"]
[Black "Paunovic,D"]
[Result "1/2-1/2"]
[WhiteElo "2564"]
[BlackElo "2503"]

1.e4 d6 2.d4 Nf6 3.Nc3 e5 4.Nf3 Nbd7 5.Bc4 Be7 6.O-O O-O 7.Re1 c6 8.a4 exd4
9.Nxd4 Ne5 10.Bf1 Re8 11.a5 Bd7 12.f4 Ng6 13.g3 b5 14.axb6 axb6 15.Rxa8 Qxa8
16.Bg2 Qc8 17.Qd3 Bf8 18.Bd2 b5 19.b4 h5 20.Nf3 Be6 21.Ng5 Bc4 22.Qf3 Qg4
23.Qf2 Qd7 24.h3 Ne7 25.Nd1 d5 26.Ne3 Nxe4 27.Nxe4 dxe4 28.Nxc4 bxc4 29.Rxe4 Rd8
30.Be1 Nd5 31.Rxc4 Qb7 32.c3 Qa6 33.Rd4 Re8 34.Re4 Rxe4 35.Bxe4 Nf6 36.Bf3 c5
37.Qe2 Qc8 38.Kg2 cxb4 39.cxb4 Qb8 40.Qc4 Bd6 41.Bd2 Qb6 42.b5 Bc5 43.Bc6 Qa7
44.Be1 Bb6 45.Qc2 Qa3 46.Bf2 Bxf2 47.Qxf2 Qa4 48.Qd2 Qc4 49.Qb2 h4 50.Bf3 hxg3
51.Kxg3 Qd3 52.Qe5 Qb3 53.h4 Qb1 54.Kf2 Qc2+ 55.Kg3 Qg6+ 56.Kh3 Qd3 57.Kg3 Qg6+
58.Qg5 Qd3 59.Qe5  1/2-1/2

[Event "Czech GM Open A"]
[Site "Pardubice CZE"]
[Date "2011.07.29"]
[Round "8.44"]
[White "Kanovsky,D"]
[Black "Krapivin,Vl"]
[Result "0-1"]
[WhiteElo "2478"]
[BlackElo "2354"]

1.e4 d6 2.d4 Nf6 3.Nc3 e5 4.Nf3 Nbd7 5.g4 Nxg4 6.Rg1 Ngf6 7.Be3 c6 8.Qd3 h6
9.O-O-O Qc7 10.Kb1 b5 11.Nh4 g6 12.f4 Be7 13.fxe5 dxe5 14.d5 b4 15.Na4 cxd5
16.exd5 Bd6 17.Qb3 Rb8 18.Be2 Qa5 19.Nxg6 fxg6 20.Rxg6 Ba6 21.Bxa6 Qxa6 22.Bxh6 Qe2
23.Rdg1 Qxh2 24.Bg7 Ne4 25.Qe3 Rh4 26.Qxa7 Rc8 27.Rc1 Qf4 28.Bxe5 Bxe5 29.Re6+ Kf8
30.Rxe5 Qxc1+  0-1

[Event "Czech GM Open A"]
[Site "Pardubice CZE"]
[Date "2011.07.29"]
[Round "8.4"]
[White "Maximov,D"]
[Black "Jovanovic,Zo CRO"]
[Result "0-1"]
[WhiteElo "2479"]
[BlackElo "2577"]

1.e4 d6 2.d4 Nf6 3.Nc3 e5 4.Nf3 Nbd7 5.g3 c6 6.Bg2 b5 7.O-O Bb7 8.Re1 Be7
9.a4 a6 10.Nh4 g6 11.Bh6 Bf8 12.Bxf8 Kxf8 13.Qd2 h6 14.Rad1 Qe7 15.Bh3 Rd8
16.f4 Kg7 17.dxe5 dxe5 18.Qd6 Qxd6 19.Rxd6 b4 20.Na2 Nc5 21.Rxd8 Rxd8 22.fxe5 Nfxe4
23.Bg2 Ng5 24.Nxb4 a5 25.Nd3 Nxd3 26.Rd1 Ne6 27.cxd3 Rd4 28.Nf3 Rxa4 29.d4 Rb4
30.Rd2 Ba6 31.Bf1 Bxf1 32.Kxf1 g5 33.Kf2 Kg6 34.Rc2 Kf5 35.h3 Ke4 36.h4 g4
37.Nd2+ Kd5 38.Nf1 Nxd4 39.Ne3+ Ke4 40.Rd2 Nf3 41.Re2 Nd4 42.Rd2 h5 43.Ng2 Kxe5
44.Nf4 Kf5 45.Nxh5 Ne6 46.Rc2 Kg6 47.Nf4+ Nxf4 48.gxf4 Kh5 49.Rxc6 Rxf4+
50.Kg3 Rf3+ 51.Kg2 Kxh4 52.Rc5 a4 53.Rc4 Rb3  0-1

[Event "TCh-POR 1st Div"]
[Site "Torres Vedras POR"]
[Date "2011.07.29"]
[Round "7.3"]
[White "Dias,P"]
[Black "Strikovic,A"]
[Result "1-0"]
[WhiteElo "2434"]
[BlackElo "2573"]

1.d4 d6 2.e4 Nf6 3.Nc3 e5 4.Nf3 Nbd7 5.Bc4 Be7 6.O-O Nb6 7.Bd3 exd4 8.Nxd4 O-O
9.f4 Re8 10.Qf3 Bf8 11.b3 g6 12.h3 Bg7 13.Be3 c5 14.Ndb5 a6 15.Nxd6 Qxd6
16.e5 Qe7 17.exf6 Bxf6 18.Bd2 c4 19.bxc4 Nxc4 20.Bxc4 Qc5+ 21.Kh2 Qxc4 22.Nd5 Bd4
23.f5 Bxf5 24.Rae1 Kg7 25.c3 Be5+ 26.Rxe5 Rxe5 27.Nb6 Qd3 28.Bh6+ Kxh6 29.Qf4+ g5
30.Qxe5 Re8 31.Qxf5 Qd6+ 32.Kh1 Qxb6 33.Qxf7 Re6 34.Qf8+ Kg6 35.Qf7+ Kh6
36.c4 Qc6 37.Qf8+ Kh5 38.Qf7+ Kh6 39.c5 b6 40.Qf8+ Kh5 41.Qg7 Qe4 42.Rf5 h6
43.Qf7+ Kh4 44.Rf3 Qg6 45.Qc7 Qe4 46.cxb6 Qb1+ 47.Kh2 Qxb6 48.Rf4+ Kh5 49.Qf7+ Rg6
50.Qf5 Qe6 51.Qg4+  1-0

[Event "Sparkassen Open A"]
[Site "Dortmund GER"]
[Date "2011.07.30"]
[Round "8.18"]
[White "Eigemann,Frederik"]
[Black "Begna,B"]
[Result "1-0"]
[WhiteElo "1976"]
[BlackElo "2102"]

1.d4 d6 2.e4 Nf6 3.Nc3 e5 4.Nf3 Nbd7 5.Bc4 Be7 6.O-O O-O 7.a4 a5 8.Re1 c6
9.Ba2 Qc7 10.h3 b6 11.Be3 Ba6 12.Qd2 exd4 13.Nxd4 Ne5 14.Nf5 Rfe8 15.Nxe7+ Rxe7
16.Bg5 Bc4 17.f4 Bxa2 18.fxe5 Rxe5 19.Bxf6 gxf6 20.Rxa2 Rg5 21.Qf4 Qe7 22.Rf1 Rg6
23.Qf5 Re8 24.Raa1 Qf8 25.Nd1 Qh6 26.Qf3 Qh4 27.Ne3 Qg5 28.Nf5 Qd2 29.Rf2 Qb4
30.c3 Qc5 31.Qe3 Qxe3 32.Nxe3 Rxe4 33.Nf5 d5 34.Kf1 Rg5 35.Re1 Rxa4 36.Re8+  1-0

[Event "ch-AUT"]
[Site "Linz AUT"]
[Date "2011.07.30"]
[Round "8"]
[White "Meglitsch,K"]
[Black "Doppelhammer,H"]
[Result "1-0"]
[WhiteElo "2068"]
[BlackElo "2067"]

1.e4 d6 2.d4 Nf6 3.Nc3 e5 4.Nf3 Nbd7 5.g4 exd4 6.Nxd4 Nc5 7.Bg5 Be7 8.Nf5 Bxf5
9.exf5 c6 10.Qe2 O-O 11.O-O-O Re8 12.Be3 Nfe4 13.Nxe4 Nxe4 14.Bg2 Bf6 15.Qd3 d5
16.h4 Bxh4 17.Bxe4 dxe4 18.Qb3 Qe7 19.Rh3 Bg5 20.Rdh1 Bxe3+ 21.Qxe3 Qd6 22.Rxh7 Kf8
23.Rd1 Qe5 24.Rd7 Kg8 25.Qh3 g6 26.Rhxf7  1-0

[Event "5th AD San Juan Open"]
[Site "Pamplona ESP"]
[Date "2011.07.30"]
[Round "8"]
[White "Solodovnichenko,Y"]
[Black "Paunovic,D"]
[Result "1/2-1/2"]
[WhiteElo "2615"]
[BlackElo "2503"]

1.e4 d6 2.d4 Nf6 3.Nc3 e5 4.Nf3 Nbd7 5.Bc4 Be7 6.O-O O-O 7.Re1 c6 8.a4 exd4
9.Qxd4 Ne5 10.Be2 Qc7 11.h3 Nfd7 12.Be3 Bf6 13.Qd2 Nxf3+ 14.Bxf3 a5 15.Rad1 Be5
16.b3 Nc5 17.Ne2 Re8 18.g4 h5 19.gxh5 Bxh3 20.Nf4 Qc8 21.Nd3 Nxe4 22.Qc1 Nc3
23.Nxe5 dxe5 24.Rd3 e4 25.Rxc3 exf3  1/2-1/2

[Event "Czech GM Open A"]
[Site "Pardubice CZE"]
[Date "2011.07.30"]
[Round "9.85"]
[White "Gonzalez Gonzalez,A"]
[Black "Bystrov,SM"]
[Result "1/2-1/2"]
[WhiteElo "2110"]
[BlackElo "2300"]

1.d4 d6 2.e4 Nf6 3.Nc3 e5 4.Nf3 Nbd7 5.Bc4 Be7 6.O-O O-O 7.h3 c6 8.a4 b6
9.dxe5 dxe5 10.Qe2 h6 11.Rd1 Qc7 12.Nd2 Nc5 13.Nb3 Ne6 14.Ba6 Bxa6 15.Qxa6 Nc5
16.Qc4 Nxb3 17.cxb3 Qb7 18.Be3 a6 19.Qd3 Rfd8  1/2-1/2

[Event "II Grafica Yael GM"]
[Site "Torre Blanca ARG"]
[Date "2011.07.30"]
[Round "8"]
[White "Tristan,L"]
[Black "Del Rey,D"]
[Result "1-0"]
[WhiteElo "2450"]
[BlackElo "2377"]

1.e4 d6 2.d4 Nf6 3.Nc3 e5 4.Nf3 Nbd7 5.Bc4 Be7 6.O-O O-O 7.Qe2 exd4 8.Nxd4 Ne5
9.Bb3 c5 10.Nf5 Bxf5 11.exf5 Re8 12.Bf4 a6 13.Rad1 Qc7 14.Nd5 Nxd5 15.Bxd5 Bf6
16.c3 Rad8 17.Qh5 b5 18.g4 g6 19.Qh3 g5 20.Bxg5 Bxg5 21.f4 Qe7 22.Qh5 Bxf4
23.Rxf4 Kh8 24.g5 Rg8 25.f6 Qd7 26.Kh1 Rg6 27.Be4  1-0

[Event "15th HZ Open"]
[Site "Vlissingen NED"]
[Date "2011.07.30"]
[Round "1"]
[White "Sveshnikov,V"]
[Black "Van Gemert,R"]
[Result "1-0"]
[WhiteElo "2407"]
[BlackElo "1904"]

1.e4 d6 2.d4 Nf6 3.Nc3 Nbd7 4.g4 e5 5.g5 exd4 6.Qxd4 Ng4 7.Be2 c5 8.Qd3 Nge5
9.Qg3 Be7 10.Be3 a6 11.f4 Nc6 12.Nf3 Qa5 13.O-O O-O 14.h4 Qb4 15.Rab1 Re8
16.a3 Qa5 17.h5 Bf8 18.g6 f5 19.gxh7+ Kh8 20.Qg6 Nf6 21.Ng5 Nd8 22.e5 dxe5
23.Rbd1 Be6 24.fxe5 Bf7 25.Nxf7+ Nxf7 26.exf6 Rxe3 27.Qxf7  1-0

[Event "15th HZ Open"]
[Site "Vlissingen NED"]
[Date "2011.07.30"]
[Round "1"]
[White "De Kleuver,Jonathan"]
[Black "Eisenbeiser,A"]
[Result "0-1"]
[WhiteElo "1892"]
[BlackElo "2386"]

1.e4 d6 2.d4 Nf6 3.Nc3 e5 4.dxe5 dxe5 5.Qxd8+ Kxd8 6.Bc4 Ke8 7.Nf3 Bd6 8.Ng5 Rf8
9.O-O Nbd7 10.f4 a6 11.f5 h6 12.Nh3 Nc5 13.Nf2  0-1

[Event "Politiken Cup"]
[Site "Helsingor DEN"]
[Date "2011.07.31"]
[Round "3.16"]
[White "Radulski,J"]
[Black "Rehn,R"]
[Result "1-0"]
[WhiteElo "2556"]
[BlackElo "2237"]

1.e4 d6 2.d4 Nf6 3.Nc3 e5 4.Nf3 Nbd7 5.a4 exd4 6.Qxd4 Nc5 7.Bc4 Be7 8.O-O O-O
9.Re1 Bg4 10.Qe3 Ncd7 11.Nd4 Ne5 12.Ba2 c5 13.Nde2 Be6 14.Bxe6 fxe6 15.Nf4 Qd7
16.Qh3 Kf7 17.Be3 Neg4 18.Rad1 Nxe3 19.Rxe3 e5 20.Qxd7 Nxd7 21.Nfd5 Nf6 22.Nxf6 gxf6
23.Nb5 Rad8 24.Red3 Ke6 25.Nc7+ Kd7 26.Nd5 Rf7 27.Ne3 Kc6 28.Kf1 Bf8 29.Ke2 Rg7
30.g3 b6 31.c3 Rgd7 32.b4 a6 33.Nd5 Rf7 34.Rf3 Bg7 35.g4 Rdf8 36.Rb1 Rb7
37.b5+ axb5 38.axb5+ Kd7 39.Ra1 Ke6 40.Ra6 c4 41.Nxb6 Rfb8 42.Nd5 h5 43.gxh5 Rf7
44.b6 f5 45.Rg3 fxe4 46.Ra7 Rfb7 47.Rxg7 Rxg7 48.Rxg7 Kxd5 49.h6  1-0

[Event "20th Kavala Open"]
[Site "Kavala GRE"]
[Date "2011.07.31"]
[Round "3"]
[White "Gopal,G"]
[Black "Zarkua,D"]
[Result "1/2-1/2"]
[WhiteElo "2576"]
[BlackElo "2433"]

1.e4 d6 2.d4 Nf6 3.Nc3 e5 4.Nf3 Nbd7 5.Bc4 Be7 6.O-O O-O 7.a4 a6 8.h3 b6
9.Qe2 c6 10.Rd1 Qc7 11.Ba2 Bb7 12.dxe5 Nxe5 13.Nd4 b5 14.axb5 axb5 15.b4 Rfe8
16.Nf5 Bf8 17.Bg5 Nfd7 18.Rab1 Nb6 19.Bb3 Bc8 20.Nd4 Bd7 21.Qe3 g6 22.Bh6 Nec4
23.Qf4 Bxh6 24.Qxh6 Qd8 25.Qf4 Qe7 26.Nf3 Kg7 27.Nd2 Be6 28.Bxc4 Bxc4 29.Nf3 Ra3
30.Qd2 Qf6 31.Nd4 h5 32.Nb3 c5 33.Qxd6 Re6 34.Qg3  1/2-1/2

[Event "Montecatini Open A"]
[Site "Montecatini Terme ITA"]
[Date "2011.07.31"]
[Round "1"]
[White "Sellitti,L"]
[Black "Laketic,G"]
[Result "0-1"]
[WhiteElo "1976"]
[BlackElo "2439"]

1.e4 d6 2.d4 Nf6 3.Nc3 e5 4.Nf3 Nbd7 5.g4 Nxg4 6.Rg1 Ngf6 7.Bc4 h6 8.dxe5 dxe5
9.Be3 c6 10.Bxf7+ Kxf7 11.Nxe5+ Nxe5 12.Qxd8 Nf3+ 13.Kd1 Nxg1 14.Kc1 Nf3
15.Qc7+ Kg8 16.Qg3 Ng5 17.e5 Nd5 18.Nxd5 cxd5 19.f4 Ne4 20.Qg6 Bd7 21.e6 Be8
22.Qf5 Rd8 23.e7 Bxe7 24.Qe6+ Kf8 25.Bd4 Bf6 26.Bxf6 Nxf6 27.a4 Bc6 28.a5 a6
29.Ra3 Re8 30.Qf5 Bd7 31.Qg6 Re1+ 32.Kd2 Re7 33.b4 h5 34.Kc1 Rh6 35.Qg5 h4
36.Qg1 Kf7 37.Re3 Ne4 38.Qd1 Bc6 39.Qg4 Bd7 40.Qd1 Bc6 41.f5 Re5 42.c4 Rxf5
43.cxd5 Bxd5 44.Rxe4 Rc6+ 45.Kb2 Bxe4 46.Qd7+ Kf6 47.Qd8+ Ke6 48.Qe8+ Kd5
49.Qd7+ Ke5 50.Qxg7+ Kf4 51.h3 Rc2+ 52.Kb3 Rg2 53.Qc7+ Kf3 54.Qe7 Rg3 55.Qxh4 Bd5+
56.Kb2 Kg2 57.Qd4 Bc6 58.Kc1 Rf2  0-1

[Event "TCh-POR 1st Div"]
[Site "Torres Vedras POR"]
[Date "2011.07.31"]
[Round "9.2"]
[White "Tiviakov,S"]
[Black "Strikovic,A"]
[Result "1-0"]
[WhiteElo "2623"]
[BlackElo "2573"]

1.e4 d6 2.d4 Nf6 3.Nc3 e5 4.Nf3 exd4 5.Nxd4 d5 6.e5 Ne4 7.Nxe4 dxe4 8.Bc4 Bc5
9.Be3 Bxd4 10.Qxd4 Qxd4 11.Bxd4 Nc6 12.O-O-O Bg4 13.Rd2 O-O-O 14.Bc3 Be6
15.Bxe6+ fxe6 16.Re2 Rhf8 17.Rf1 Rf4 18.g3 Rf3 19.Rxe4 Rdf8 20.Re2 g5 21.Kd1 b5
22.Ke1 g4 23.Re4 h5 24.Ke2 R8f5 25.h3 gxh3 26.Bd2 h4 27.Bf4 R3xf4 28.gxf4 Ne7
29.Rh1 Rf7 30.Rxh3 Nf5 31.Kf1 Rg7 32.a4 a6 33.axb5 axb5 34.Rb4 c6 35.c4 bxc4
36.Rxc4 Rc7 37.Kg2 Kd7 38.Rd3+ Ke7 39.Rdc3 Kd7 40.Kh3 Rc8 41.b4  1-0

[Event "Pays de Charleroi Open"]
[Site "Charleroi BEL"]
[Date "2011.08.01"]
[Round "3.5"]
[White "Baguet,F"]
[Black "Cools,G"]
[Result "0-1"]
[WhiteElo "2010"]
[BlackElo "2230"]

1.d4 Nf6 2.Nc3 d6 3.e4 c6 4.f4 Qa5 5.Bd3 e5 6.dxe5 dxe5 7.f5 Nbd7 8.Qf3 b5
9.Bd2 Qc7 10.a3 a6 11.g4 h6 12.h4 Nc5 13.Nh3 Bb7 14.Nf2 O-O-O 15.O-O-O Be7
16.g5 hxg5 17.hxg5 Nfd7 18.Rh3 Nxd3+ 19.Nxd3 f6 20.Rxh8 Rxh8 21.g6 Nb6 22.Rh1 Rd8
23.Rh7 Bf8 24.Be3 c5 25.Qf2 Nd7 26.Qf3 Qd6 27.Qf2 b4 28.axb4 cxb4 29.Na4 Bxe4
30.Bc5 Qc6 31.Bxf8 Bxd3 32.Nc5 Nxf8 33.Rxg7 Qh1+ 34.Kd2 Bxc2+ 35.Ke3 Qh6+  0-1

[Event "Pays de Charleroi Open"]
[Site "Charleroi BEL"]
[Date "2011.08.01"]
[Round "4.9"]
[White "Meskens,Stephan"]
[Black "Barbier,Wim"]
[Result "0-1"]
[WhiteElo "1810"]
[BlackElo "2147"]

1.e4 d6 2.d4 Nf6 3.Nc3 e5 4.dxe5 dxe5 5.Qxd8+ Kxd8 6.Bg5 c6 7.Bc4 Ke8 8.f3 Nbd7
9.a3 b5 10.Ba2 a5 11.Be3 Bc5 12.Nd1 Ke7 13.c4 b4 14.a4 b3 15.Bxb3 Rb8 16.Bxc5+ Nxc5
17.Bc2 Be6 18.Ne2 Bxc4 19.Nc1 Rhd8 20.Ra3 Be6 21.Rc3 Nfd7 22.b3 Rb4 23.Nb2 Rdb8
24.Nbd3 Nxd3+ 25.Nxd3 R4b6 26.Nc1 c5 27.O-O f6 28.Rd1 Rc8 29.Bd3 Rd6 30.Bc2 c4
31.Kf2 Rxd1 32.Bxd1 cxb3 33.Rxc8 b2 34.Be2 b1=Q 35.Bb5 Qb2+  0-1

[Event "20th Kavala Open"]
[Site "Kavala GRE"]
[Date "2011.08.01"]
[Round "4"]
[White "Soumya,Sw"]
[Black "Lagopatis,N"]
[Result "1-0"]
[WhiteElo "2338"]
[BlackElo "2181"]

1.e4 d6 2.d4 Nf6 3.Nc3 Nbd7 4.Nf3 e5 5.Bc4 Be7 6.O-O O-O 7.Re1 c6 8.a4 b6
9.h3 a6 10.Be3 Rb8 11.Bd3 Re8 12.Qe2 b5 13.axb5 axb5 14.d5 cxd5 15.Nxd5 Nxd5
16.exd5 b4 17.Bb5 Bb7 18.Ra7 Qc8 19.Bd2 Rd8 20.Bxb4 Bxd5 21.Ba5 Bxf3 22.gxf3 Nb6
23.Rxe7 Qxh3 24.Qe4 f5 25.Qe3 Kf8 26.Qg5 Qh6 27.Qxh6 gxh6 28.Rxh7 Kg8 29.Rxh6 Kg7
30.Rh4 Rdc8 31.Bd3 Rf8 32.Bxb6 Rxb6 33.b4 e4 34.fxe4 Rxb4 35.Re3 fxe4 36.Bxe4 Rb1+
37.Kg2 Rf6 38.Rg3+ Kf8 39.Bd5 Rf5 40.Be6 Rf6 41.Ba2  1-0

[Event "Tabor Open"]
[Site "Tabor CZE"]
[Date "2011.08.01"]
[Round "3.5"]
[White "Vitak,P"]
[Black "Turner,Ja"]
[Result "1/2-1/2"]
[WhiteElo "2185"]
[BlackElo "2390"]

1.e4 d6 2.d4 Nf6 3.Nc3 e5 4.Nf3 Nbd7 5.g3 c6 6.a4 Be7 7.Bg2 O-O 8.O-O Re8
9.h3 Bf8 10.Be3 Qc7 11.Re1 b6 12.dxe5 dxe5 13.Nh4 a6 14.Qf3 Rb8 15.Nf5 Nc5
16.Bg5 Nfd7 17.h4 Ne6 18.Be3 b5 19.axb5 axb5 20.h5 Ndc5 21.Ne2 f6 22.Qg4 Kh8
23.Red1 Qf7 24.Qh4 Rd8 25.Rxd8 Nxd8 26.b3 Be6 27.Bf3 Nd7 28.Ra7 Nb7 29.Kg2 Qe8
30.g4 Nbc5 31.Neg3 h6 32.Qh1 Ra8 33.Qa1 Rxa7 34.Qxa7 Qb8 35.Qa5 Bf7 36.Nh4  1/2-1/2

[Event "Tabor Open"]
[Site "Tabor CZE"]
[Date "2011.08.01"]
[Round "3.4"]
[White "Lacina,A"]
[Black "Voloshin,L"]
[Result "0-1"]
[WhiteElo "2227"]
[BlackElo "2411"]

1.e4 d6 2.d4 Nf6 3.Nc3 e5 4.Nf3 Nbd7 5.Bc4 Be7 6.O-O O-O 7.h3 c6 8.Qe2 exd4
9.Nxd4 Re8 10.Be3 Bf8 11.f3 d5 12.exd5 Nb6 13.Bb3 c5 14.Ndb5 c4  0-1

[Event "29th World Junior Girls"]
[Site "Chennai IND"]
[Date "2011.08.02"]
[Round "1.6"]
[White "Guo,E"]
[Black "Bhakti,K"]
[Result "1/2-1/2"]
[WhiteElo "2029"]
[BlackElo "2317"]

1.e4 d6 2.d4 Nf6 3.Nc3 e5 4.dxe5 dxe5 5.Qxd8+ Kxd8 6.Nf3 Bd6 7.Bc4 Ke8 8.O-O Bg4
9.Ng5 Rf8 10.f4 h6 11.fxe5 Bxe5 12.Nf3 Bd6 13.e5 Bc5+ 14.Kh1 Nfd7 15.Bf4 Be6
16.Bd5 Nc6 17.Rad1 Nb6 18.Be4 Nc4 19.Nd5 Rc8 20.b3 Nb6 21.c4 a5 22.Nh4 Nd7
23.Nf3 Bg4 24.Rfe1 Be6 25.Rf1 Bg4 26.Rfe1 Be6 27.Rf1 Bg4 28.Rfe1 Be6 29.Rf1 Bg4
30.Rfe1 Be6  1/2-1/2

[Event "16th Creon Open"]
[Site "Creon FRA"]
[Date "2011.08.02"]
[Round "3.2"]
[White "Boudre,JP"]
[Black "Nevednichy,V"]
[Result "0-1"]
[WhiteElo "2304"]
[BlackElo "2523"]

1.e4 d6 2.d4 Nf6 3.Nc3 e5 4.Nf3 Nbd7 5.Bc4 Be7 6.O-O O-O 7.Re1 a6 8.a4 b6
9.b3 Bb7 10.Bb2 h6 11.Qd2 c6 12.Bd3 Nh7 13.Ne2 Ng5 14.Nxg5 Bxg5 15.f4 exf4
16.Nxf4 c5 17.Qf2 cxd4 18.Bxd4 Bh4 19.g3 Bf6 20.Bxf6 Qxf6 21.Bc4 Bxe4 22.Rad1 Rfe8
23.Qd4 Bxc2 24.Rxe8+  0-1